000
00307nam a2200109Ia 4500
008
230907s9999||||xx |||||||||||||| ||und||
082
_a
333.793,VEP
100
_a
Vepa, Ranjan,
_9
26247
245
0
_a
Dynamic modeling, simulation and control of energy generation /
300
_a
xvi, 373 pages :
942
_c
BK
999
_c
597698
_d
597698